00432 2200157 4500001002100000008004100021035002000062245004200082100001700124260004500141300002700186020002300213084001600236082001000252990001200262INLIS000000000001410 Ind  a0010-0924000007 aEnsiklopedia Desa WisatacReza Camara aCamara, Reza aJakartabPT. Educarindo Compumediac2016 a144 hlm.c17,5 x 25 cm a978-979-30901-80-0 a300.3 REZ e a300.3 a0750911